| 000 | 00501nam a2200181Ia 4500 | ||
|---|---|---|---|
| 003 | OSt | ||
| 005 | 20200904111508.0 | ||
| 008 | 190216s9999||||xx |||||||||||||| ||und|| | ||
| 020 | _a9788120319622 | ||
| 040 | _coclc | ||
| 082 |
_a530.12 _bARU/Q |
||
| 100 |
_aAruldhas, G _94106 |
||
| 245 | 0 |
_aQuantum Mechanics / _cG Aruldhas |
|
| 260 |
_bPrentice Hall Of India, _c2002. _aNew Delhi: |
||
| 300 | _a357p | ||
| 650 | _aPhysics | ||
| 942 |
_cBK _2ddc _h530.12 _iARU/Q _k530.12 _mARU/Q |
||
| 999 |
_c33761 _d33761 |
||